All Marvel SNAP Cards - Statistics

General Stats
  • This quiz has been taken 18 times
    7 since last reset
  • The average score is 151 of 256
Answer Stats
Cost Power Ability Answer % Correct
1 -3 On Reveal: Add a Demon to your hand. The Hood
100%
0 1 N/A ("My secret power is that I get things done.") Wasp
100%
1 1 When this is destroyed, return it to your hand with double the Power. Deadpool
83%
4 4 On Reveal: If the last card you played has an On Reveal, copy its text. (if it's in play) Absorbing Man
67%
1 2 On Reveal: Add a random card to your hand. Agent 13
67%
3 4 On Reveal: Add a random 4-Cost and 5-Cost card to your hand. Agent Coulson
67%
1 2 On Reveal: Give the top card of your deck +2 Power. America Chavez
67%
1 2 When one of your cards is destroyed, this flies out of your hand or deck to replace it. Angel
67%
2 2 After you play a card here, +1 Power. Angela
67%
1 1 Ongoing: If your side of this location is full, +4 Power. Ant-Man
67%
2 3 Ongoing: Cards here can't be destroyed. Armor
67%
2 3 On Reveal: Your opponent draws a card. Set its Cost to 6. Baron Mordo
67%
1 1 On Reveal: Set the power of all cards in your hand to 3. Bast
67%
2 2 On Reveal: Return your other cards here to your hand. They cost 1 less next turn. Beast
67%
3 5 On Reveal: Until the end of next turn, your 1-Cost cards cost 0. Black Swan
67%
3 3 On Reveal: Add a Widow's Bite to your opponent's hand. Black Widow
67%
1 3 On Reveal: Discard the rightmost card from your hand. Blade
67%
3 2 On Reveal: Add 2 Broodlings here with the same Power. Brood
67%
2 1 When this is destroyed, replace it with the Winter Soldier. Bucky Barnes
67%
3 4 On Reveal: Draw a card from your opponent's deck. Cable
67%
3 4 Ongoing: Your 1 and 6-Cost cards can't be destroyed. Caiera
67%
3 3 Ongoing: Your other cards here have +1 Power. Captain America
67%
4 4 At the end of the game, move to a location that wins you the game. (If possible) Captain Marvel
67%
2 2 On Reveal: Destroy your other cards here. +2 Power for each destroyed. Carnage
67%
3 0 Ongoing: Your highest-Power cards have +2 Power. Cerebro
67%
2 4 On Reveal: Next turn, both players can move cards to this location. Cloak
67%
2 3 Ongoing: Can't be destroyed, moved, or have its Power reduced. Colossus
67%
3 3 Ongoing: On Reveal abilities won't happen here. Cosmo
67%
3 3 On Reveal: Each player draws a card. Crystal
67%
3 4 N/A ("Let's move, X-Men") Cyclops
67%
2 0 When this moves to a location, +2 Power for each enemy card there. Dagger
67%
2 2 On turn 5, you get to see your opponent's plays before you make your own. Daredevil
67%
3 5 On Reveal: Destroy your other cards here. Deathlok
67%
3 3 On Reveal: Add a Rock to each other location, for both players. Debrii
67%
2 3 On Reveal: Move your highest Power card(s) to this location. Doctor Strange
67%
2 3 You always draw this card on turn 2, and not before. Domino
67%
4 1 At the end of the game, discard a card from your hand to gain it's power. Dracula
67%
1 7 You can't play this after turn 3. Ongoing: You can't play cards here. Ebony Maw
67%
1 2 After your opponent plays an Ongoing card here, remove its abilities. Echo
67%
3 2 On Reveal: +1 Max Energy. Ongoing: You can only play 1 card a turn. Electro
67%
1 2 On Reveal: Destroy an enemy 1-Cost card here. Elektra
67%
2 3 After you play a card that fills this location, give it +2 Power. Elsa Bloodstone
67%
2 3 On Reveal: Return your 1-Cost cards to your hand. Falcon
67%
2 2 On Reveal: Give the next card you play +2 Power. Forge
67%
3 3 On Reveal: Discard a card from your hand to destroy a random enemy card. Gambit
67%
3 5 Ongoing: Your cards are always revealed last. (Their On Reveal abilities happen last) Ghost
67%
4 3 On Reveal: Bring back one of your discarded cards to this location. Ghost Rider
67%
1 2 On Reveal: The last card you played moves here. Ghost-Spider
67%
3 8 On Reveal: Add a card from your opponent's deck to their side of this location. If it has less Power, destroy it. Gladiator
67%
2 0 On Reveal: Move one of your other On Reveal cards here to the middle location. Its ability happens again. Grandmaster
67%
3 -3 On Reveal: Switch sides. Green Goblin
67%
3 4 On Reveal: If your opponent played a card here this turn, +2 Power. Groot
67%
2 0 After each turn, you lose 1 Max Energy and this gains +4 Power. Havok
67%
2 2 On Reveal: Afflict all other cards with -1 Power. Hazmat
67%
4 4 At the start of the game, unlock the potential of your cards with no abilities. High Evolutionary
67%
3 2 On Reveal: Gain +2 Power for each other card you played this turn. Hit-Monkey
67%
1 2 Ongoing: Tap this to see the top card of your deck. Howard the Duck
67%
2 3 On Reveal: Merge this with one of your cards here. Hulkbuster
67%
1 2 When this movies, double its Power. Human Torch
67%
1 2 On Reveal: Give a card in your opponent's hand +1 Cost. (maximum 6) Iceman
67%
2 3 Ongoing: Cards you play here are not revealed until the game ends. Invisible Woman
67%
1 2 On Reveal: After you play your next card, move it one location to the left. Iron Fist
67%
3 3 Ongoing: Players must play their first card here each turn. (if possible) Jean Grey
67%
2 3 You can move this once. Nothing can stop you from moving or playing this at any location. Jeff
67%
4 5 On Reveal: If you don't play a card at this location next turn, +4 Power. Jessica Jones
67%
4 1 On Reveal: Add the top card of your deck to this location. Jubilee
67%
3 3 On Reveal: Move away all enemy cards played here this turn. (including unrevealed cards) Juggernaut
67%
3 3 On Reveal: Destroy ALL 1-Cost cards. Killmonger
67%
2 3 When an enemy card moves here, afflict it with -2 Power. Kingpin
67%
1 2 On Reveal: Shuffle a Rock into your opponent's deck. Korg
67%
2 2 When a card moves here, this gains +2 Power. Kraven
67%
2 5 Ongoing: -4 Power if your opponent has 4 cards here. Lizard
67%
4 5 After you play a card here, swap it with a card in your deck. (once per turn) Lockjaw
67%
4 5 On Reveal: Transform your hand into cards from your opponent's starting deck and give them -1 Cost. Loki
67%
3 4 Ongoing: Your cards can't have their power reduced. Luke Cage
67%
3 2 On Reveal: Replace this location with 'Limbo'. Doesn't work after turn 5. Magik
67%
2 3 On Reveal: If your opponent played a card here this turn, draw a card from their deck. Mantis
67%
1 2 On Reveal: Add a random 2-Cost card to your hand. Maria Hill
67%
1 5 At the end of the game, move to a location that LOSES you the game. (if possible) Martyr
67%
2 2 On Reveal: Add 2 Sentinel to your opponent's hand. Master Mold
67%
2 6 On Reveal: Your opponent draws 2 cards. Maximus
67%
1 2 If this is in your deck at the end of the game, it jumps to a location. M'Baku
67%
2 2 On Reveal: If this is at the middle location, +3 Power. Medusa
67%
1 1 After each turn, if you discarded any cards, gain +1 Power for each and move. Miek
67%
3 2 Ongoing: Adjacent locations have +2 Power. Mister Fantastic
67%
4 -1 On Reveal: Swap the Power and Cost of all cards in your deck. Mister Negative
67%
2 2 On Reveal: Add a Sinister Clone here with the same Power. Mister Sinister
67%
3 3 Ongoing: Your Costs can't be increased. Your opponent's Costs can't be reduced. Mobius M. Mobius
67%
2 2 Ongoing: If both sides here are full, +6 Power. Mojo
67%
4 4 On Reveal: Duplicate your hand. Moon Girl
67%
3 3 On Reveal: Discard a card from each player's hand. Moon Knight
67%
2 0 Ongoing: +2 Power for each time you discarded a card this game. Morbius
67%
3 0 On Reveal: Become a copy of a card in your opponent's hand. Morph
67%
4 4 Ongoing: Your adjacent locations with 2+ cards and no repeated Costs have +5 Power. Ms. Marvel
67%
2 3 When this moves, add a copy to the old location. Multiple Man
67%
2 4 As you play this, play Illusions at other locations. Disguise this as an Illusion until the game ends. Mysterio
67%
3 0 On Reveal: If the last card you played has an Ongoing, copy its text. (if it's in play) Mystique
67%
3 3 On Reveal: Give all cards in your hand +1 Power. Nakia
67%
1 1 Each turn your opponent doesn't play a card here, +2 Power. (except the turn you play this) Nebula
67%
3 2 After an enemy card is played here, destroy it. (once per game) Negasonic Teenage Warhead
67%
4 5 On Reveal: Add 3 random 6-Cost cards to your hand. Nick Fury
67%
1 2 On Reveal: After you play your next card, cast a spell. (The spell changes each turn.) Nico Minoru
67%
1 2 You can move this once. Nightcrawler
67%
1 1 When this is destroyed, give your other cards +1 Power. Nova
67%
3 1 Ongoing: Your cards with no abilities have +2 Power. Patriot
67%
3 5 On Reveal: Move an enemy 1 or 2-Cost card to this location. Polaris
67%
2 2 On Reveal: Next turn, you get +1 Energy. Psylocke
67%
2 3 On Reveal: Swap the positions of the other two locations. Quake
67%
1 2 Starts in your opening hand. Quicksilver
67%
1 2 Ongoing: Cards that didn't start in your deck cost 1 less. (minimum 1) Quinjet
67%
3 3 On Reveal: Ruin this location. (remove its ability) Rhino
67%
1 2 On Reveal: If your opponent played a card here this turn, +2 Power. Rocket Raccoon
67%
3 3 On Reveal: Shuffle 2 Rocks into your opponent's deck. Rockslide
67%
3 2 On Reveal: Steal the text from an enemy Ongoing card here. Rogue
67%
3 2 On Reveal: Remove the abilities from all Ongoing cards in your hand and deck. Sauron
67%
2 3 On Reveal: Replace this location with a new one. Scarlet Witch
67%
2 2 On Reveal: Afflict cards in your opponent's hand with -1 Power. Scorpion
67%
3 4 When this card permanently gains Power, gain +2 more Power. (wherever this is) Sebastian Shaw
67%
1 2 On Reveal: Afflict the lowest-Power card in each player's hand with -3 Power. Selene
67%
2 3 On Reveal: Add another Sentinel to your hand. Sentinel
67%
2 2 On Reveal: Set all cards here to their original base Power. Shadow King
67%
4 3 On Reveal: Destroy all enemy cards here that have 10 or more Power. Shang-Chi
67%
2 3 N/A ("I'm gonna blast you!") Shocker
67%
4 1 On Reveal: If you play your next card at this location, double its Power. Shuri
67%
2 5 After ANY card is played here, this moves to another location. Silk
67%
3 2 On Reveal: Give your other 3-Cost cards +2 Power. Silver Surfer
67%
1 2 On Reveal: Add the Hawk and Bear auroras to your hand. Snowguard
67%
1 1 On Reveal: Transform the leftmost card in your opponent's hand into a Pig, keeping it's Power and Cost. Spider-Ham
67%
3 5 On Reveal: Move to another location and pull an enemy card from here to there. Spider-Man
67%
1 2 On Reveal: Add a 1-Power Squirrel to each other location. Squirrel Girl
67%
2 2 On Reveal: If your opponent played a card here this turn, +3 Power. Star-Lord
67%
3 2 On Reveal: Flood this location. Next turn is the last turn cards can be played here. Storm
67%
3 3 Ongoing: If your hand is empty, +6 Power. Strong Guy
67%
1 0 After each turn, gain +1 Power for each unspent Energy. Sunspot
67%
4 2 Ongoing: Has the Ongoing effects of all enemy cards. Super-Skrull
67%
2 3 When you discard this, add two copies that cost 0 to your hand. Swarm
67%
3 7 On Reveal: Discard a card from your hand. Sword Master
67%
2 2 When a card enters your hand from anywhere (except your deck), +1 Power. The Collector
67%
3 4 On Reveal: Shuffle Mjolnir into your deck. Thor
67%
1 5 After ANY card is played here, this card switches sides. Titania
67%
1 2 At the start of the game, shows the right location to you. Uatu The Watcher
67%
3 3 On Reveal: Destroy your other cards here. Add their Power to this card. Venom
67%
3 5 On Reveal: One of your other cards here switches sides. Viper
67%
3 3 When this card moves, +6 Power. Vulture
67%
3 5 On Reveal: All cards cost a maximum of 4 until the end of next turn. Wave
67%
2 2 When this is discarded or destroyed, regenerate it at a random location with +2 Power. Wolverine
67%
4 2 Ongoing: Your On Reveal abilities here happen twice. Wong
67%
1 2 When this is discarded or destroyed, regenerate it at a random location and you get +1 Energy next turn. X-23
67%
0` 2 On Reveal: Afflict your other cards here with -1 Power. Yellowjacket
67%
1 2 On Reveal: Destroy the top card of your opponent's deck. Yondu
67%
2 2 Ongoing: Your 4-Cost cards cost 1 less. (minimum 1) Zabu
67%
1 3 On Reveal: Remove the abilities on the next card you play. Zero
67%
5 9 N/A ("Foolish rabble! You are beneath me!") Abomination
50%
6 2 On Reveal: Destroy all unrevealed enemy cards here. Alioth
50%
5 6 On Reveal: Your cards with Power below 0 switch sides. Destroy those that can't. Annihilus
50%
6 8 When you discard this, put it back with +4 Power. Apocalypse
50%
4 10 After each turn, destroy this if you have another card here. Attuma
50%
4 6 On Reveal: Shuffle Stormbreaker into your deck. Beta Ray Bill
50%
3 1 After you play a card, this gains +1 Power. Bishop
50%
4 9 If this is in your hand after the turn, discard it. Black Cat
50%
1 2 After you discard a card, add the Ebony Blade to your hand with that card's Power. (once per game) Black Knight
50%
5 4 On Reveal: Double this card's Power. Black Panther
50%
6 0 On Reveal: Merge cards from your deck into this until it gains 15 or more Power. Ongoing: Can't be moved. Blob
50%
5 3 Ongoing: Your other cards have +1 Power. Blue Marvel
50%
4 8 You can only play this at locations where you are winning. Crossbones
50%
4 10 You can only play this where you have a 1-Cost card. Cull Obsidian
50%
3 4 On Reveal: Add the Muramasa Shard to your hand. Daken
50%
5 4 Ongoing: +2 Power for each card in your opponent's deck. Darkhawk
50%
2 2 Ongoing: +2 Power for each location that's full on your side. Dazzler
50%
5 3 Ongoing: +2 Power for each card in your hand. Devil Dinosaur
50%
6 5 On Reveal: Add a 5-Power DoomBot to each other location. Doctor Doom
50%
5 10 On Reveal: Pull 4 cards from your opponent's hand to their side of this location. Doctor Octopus
50%
4 6 On Reveal: If your opponent played a card here this turn, +2 Power. Drax
50%
4 5 On Reveal: Remove the abilities from all Ongoing cards here. Enchantress
50%
6 5 On Reveal: If you're winning this location and this is your only card here, destroy all other locations. Galactus
50%
5 7 On Reveal: If your opponent played a card here this turn, +5 Power. Gamora
50%
2 2 Ongoing: Nobody can play cards that cost 4, 5, or 6 here. Goose
50%
1 1 On Reveal: If you play a card at this location next turn, +3 Power. Hawkeye
50%
6 9 On Reveal: Move your other cards one location to the left. Heimdall
50%
6 6 On Reveal: Resurrect all cards you discarded to random locations. Hela
50%
6 10 When you discard this, fill your hand with random cards. Helicarrier
50%
5 -8 On Reveal: Switch sides. Hobgoblin
50%
6 12 N/A ("HULK SMASH!") Hulk
50%
3 0 On Reveal: Give 3 of your other cards +2 Power. Ironheart
50%
4 6 On Reveal: Copy the text of your deck's top card. Iron Lad
50%
5 0 Ongoing: Your total Power here is doubled. Iron Man
50%
5 8 On Reveal: Draw all cards that cost 0 from your deck. Jane Foster the Mighty Thor
50%
5 0 On Reveal: Look at what your opponent did, then restart the turn. (without Kang) Kang the Conqueror
50%
4 4 Ongoing: Your 1-Cost cards have +1 Power. Ka-Zar
50%
1 1 When this returns to your hand, +1 Power. Returns at the start of each turn. Kitty Pryde
50%
5 4 Ongoing: The location to the right has +6 Power. Klaw
50%
6 0 Ongoing: Has the combined Power of all cards destroyed this game. Knull
50%
5 4 On Reveal: Destroy each card here with less Power than this. Lady Deathstrike
50%
3 5 On Reveal: Discard the highest-cost card from your hand. Lady Sif
50%
6 2 On Reveal: Copy the enemy card(s) with the highest Power played this turn, but on your side. Leader
50%
5 3 At the start of turn 6, remove all abilities from cards in your opponent's hand. Leech
50%
5 7 On Reveal: Replace each other location with this one. Legion
50%
6 12 On Reveal: Move all enemy 3 or 4-Cost cards to this location. Magneto
50%
4 5 Ongoing: 1, 2, and 3-Cost cards here have -2 Power. Man-Thing
50%
2 2 On Reveal: Copy the lowest-Cost card in your opponent's hand into your hand. Give it +2 Power. Mirage
50%
1 2 N/A ("We've got to save this city.") Misty Knight
50%
5 8 On Reveal: Discard your hand. M.O.D.O.K.
50%
4 6 Ongoing: +5 Power if this is your only card here. Namor
50%
5 6 When this is destroyed, add a copy to each other location. Nimrod
50%
6 8 On Reveal: Activate the On Reveal abilities of your other cards here. Odin
50%
2 2 On Reveal: Give every card in your deck +1 Power. Okoye
50%
4 5 Ongoing: If you're winning here, +3 Power to other locations. Omega Red
50%
6 7 Ongoing: Double your other Ongoing effects here. Onslaught
50%
6 11 Ongoing: +5 Power if this is your only card here. Orka
50%
4 5 On Reveal: Revive one of your destroyed cards and merge with it. That card can move each turn. Phoenix Force
50%
5 1 Ongoing: Lock down this location. (Cards can't be added, removed, etc.) Professor X
50%
5 14 Ongoing: Enemy cards here have +2 Power. Red Skull
50%
4 4 On Reveal: If you play a card at this location next turn, +5 Power. Rescue
50%
3 4 When this is destroyed, return it to your hand. It costs 0. Sabretooth
50%
5 4 Ongoing: Players can only play 1 card a turn. Sandman
50%
5 4 Ongoing: Cards in your hand cost 1 less. (minimum 1) Sera
50%
3 2 On Reveal: Add a random 1-Cost card to each location. Shanna the She-Devil
50%
6 10 Costs 1 less for each unspent Energy last turn. She-Hulk
50%
6 11 Costs 2 less for each of your cards that have 10 or more Power. Skaar
50%
6 7 On Reveal: Give your Ongoing cards +2 Power. Spectrum
50%
5 9 The first time this moves to any location, destroy an enemy card there. Spider-Man 2099
50%
5 8 On Reveal: Afflict all enemy cards here with -1 Power. Spider-Woman
50%
5 6 Costs 1 if your opponent discarded a card this game. Stature
50%
4 6 On Reveal: Move an enemy card from here to another location. Stegron
50%
5 0 On Reveal: Set this card's Power equal to that of the last card you played. (if that card's in play) Taskmaster
50%
6 10 At the start of the game, shuffle the six Infinity Stones into your deck. Thanos
50%
6 9 Ongoing: Split your total power evenly among all locations. The Living Tribunal
50%
3 3 Ongoing: +1 Power for each enemy card here. The Punisher
50%
4 10 You can't play this at the right location. On Reveal: Add a -10 Power Void to the right location. The Sentry
50%
4 6 N/A ("It's clobberin' time!") The Thing
50%
6 8 On Reveal: Deploy four 1-Power Drones to each other location. Ultron
50%
5 3 On Reveal: Set ALL cards here to 3 Power. Valkyrie
50%
5 8 You can move this each turn. Vision
50%
4 5 Ongoing: If any of your locations are empty, +5 Power. Warpath
50%
4 4 After you play a card, move there to gain +2 Power if it has an On Reveal. Werewolf by Night
50%
5 1 On Reveal: Add a 8-Power Tiger to another location. White Tiger
50%
3 1 On Reveal: +2 Power for each other card you have here. Wolfsbane
50%
5 4 After each turn, draw a card if you're winning here. Adam Warlock
33%
5 9 On Reveal: Move the last enemy card played anywhere to this location. Aero
33%
6 14 Agatha starts in your hand and plays your cards for you. Agatha Harkness
33%
6 0 On Reveal: Destroy one of your other cards here to copy it at the other locations. Arnim Zola
33%
5 7 On Reveal: Discard the lowest-cost card from your opponent's hand. Black Bolt
33%
2 4 On Reveal: Discard the lowest-cost card from your hand. Colleen Wing
33%
3 5 On Reveal: Discard 2 cards from your hand to get +1 Max Energy. Corvus Glaive
33%
8 12 Costs 1 less for each card destroyed this game. Death
33%
6 16 On Reveal: Destroy your other cards. Destroyer
33%
6 14 You can only play this at the left location. Giganto
33%
4 8 On Reveal: Discard 2 cards from your hand. Hellcow
33%
4 7 The first time another card moves here each turn, move it to another location. Hercules
33%
4 5 If a card moved last turn, this costs 1. Miles Morales: Spider-Man
33%
2 3 Ongoing: Your cards with 1 or less Power cost 1 less. (minimum 1) Ravonna Renslayer
33%
5 5 Ongoing:+2 Power for each card in your opponent's hand. Ronan the Accuser
33%
4 5 On Reveal: Each player discards the lowest-Power card from their hand. Silver Samurai
33%
6 20 If you played a card last turn, you can't play this. The Infinaut
33%
4 10 Ongoing: Your other cards have -1 Power. Typhoid Mary
33%
4 6 On Reveal: Copy the highest-Cost card in your opponent's hand into your hand. White Queen
33%
No matching quizzes found
Score Distribution
Percent of People with Each Score
Percentile by Number Answered
Your Score History
You have not taken this quiz since the last reset